Communication in construction (Record no. 104852)
[ view plain ]
| 000 -LEADER | |
|---|---|
| fixed length control field | 01437cam a2200253 4500 |
| 001 - CONTROL NUMBER | |
| control field | ##L131817 |
| 008 - FIXED-LENGTH DATA ELEMENTS--GENERAL INFORMATION | |
| fixed length control field | 051209n2005 000 0 eng u |
| 020 ## - INTERNATIONAL STANDARD BOOK NUMBER | |
| International Standard Book Number | 0415327237 |
| 035 ## - SYSTEM CONTROL NUMBER | |
| System control number | (Sirsi) u131817 |
| 041 0# - LANGUAGE CODE | |
| Language code of text/sound track or separate title | eng |
| 050 04 - LIBRARY OF CONGRESS CALL NUMBER | |
| Classification number | 658.45 $2 18 |
| 100 1# - MAIN ENTRY--PERSONAL NAME | |
| Personal name | Dainty, Andrew |
| 245 00 - TITLE STATEMENT | |
| Title | Communication in construction |
| Remainder of title | theory and practice |
| 260 ## - PUBLICATION, DISTRIBUTION, ETC. | |
| Place of publication, distribution, etc. | Abingdon |
| Name of publisher, distributor, etc. | Taylor and Francis |
| Date of publication, distribution, etc. | 2005 |
| 300 ## - PHYSICAL DESCRIPTION | |
| Extent | xvii, 263 |
| Other physical details | tables |
| Dimensions | 23cm. |
| 350 ## - PRICE (NR) (BK AM CF MU VM SE) [OBSOLETE] | |
| Price | 24.99 |
| 505 2# - FORMATTED CONTENTS NOTE | |
| Formatted contents note | Introduction -- The challenges of communicating in the construction project environment -- Theoretical perspectives on construction communication -- Interpersonal communication -- Group and team communication -- Organisational communication -- Corporate communication -- Information and communications technology -- Conclusions and future directions in construction communication |
| 520 ## - SUMMARY, ETC. | |
| Summary, etc. | Examines communication within project-based environments at a number of levels ranging from interpersonal interactions between project participants to corporate communications between organisations, and includes several non-typical perspectives on the process of communication. Contains practical guidance on possible solutions to communication problems, together with examples and case studies. |
| 690 ## - LOCAL SUBJECT ADDED ENTRY--TOPICAL TERM (OCLC, RLIN) | |
| Topical term or geographic name as entry element | MANAGEMENT-PROJECT MANAGEMENT-PROJECT COMMUNICATION MANAGEMENT |
| 700 1# - ADDED ENTRY--PERSONAL NAME | |
| Personal name | Moore, David |
| 700 1# - ADDED ENTRY--PERSONAL NAME | |
| Personal name | Murray, Michael |
| 942 ## - ADDED ENTRY ELEMENTS (KOHA) | |
| Suppress in OPAC | 0 |
| Withdrawn status | Lost status | Source of classification or shelving scheme | Damaged status | Not for loan | Home library | Current library | Shelving location | Date acquired | Cost, normal purchase price | Total Checkouts | Full call number | Barcode | Date last seen | Date last checked out | Copy number | Cost, replacement price | Price effective from | Koha item type |
|---|---|---|---|---|---|---|---|---|---|---|---|---|---|---|---|---|---|---|
| Dewey Decimal Classification | London | London | Books | 14/02/2006 | 21.24 | 21 | 658.45 DAI | 30071531 | 06/08/2019 | 17/08/2009 | 1 | 21.24 | 06/08/2019 | Book |